The development of iron and steel technology in China

This book introduce the development of iron and steel technology in China, the bronze-age prelude, cast iron, wrought iron and steel. Chinese crucible processes...

Đã lưu trong:
書目詳細資料
主要作者: Needham, Joseph
格式: 圖書
語言:Undetermined
出版: London The Newcomen Society 1964
主題:
標簽: 添加標簽
沒有標簽, 成為第一個標記此記錄!
Thư viện lưu trữ: Trung tâm Học liệu Trường Đại học Cần Thơ
LEADER 00719nam a2200205Ia 4500
001 CTU_230090
008 210402s9999 xx 000 0 und d
082 |a 669.10951 
082 |b N374 
100 |a Needham, Joseph 
245 4 |a The development of iron and steel technology in China 
245 0 |c Joseph Needham 
260 |a London 
260 |b The Newcomen Society 
260 |c 1964 
520 |a This book introduce the development of iron and steel technology in China, the bronze-age prelude, cast iron, wrought iron and steel. Chinese crucible processes... 
650 |a Sắt,Iron 
650 |x Luyện kim,Metallurgy 
910 |b dqhieu 
980 |a Trung tâm Học liệu Trường Đại học Cần Thơ